Movies Quiz

Random Movies or Role Quiz

Movie Pairs, One with Oscar Quiz Stats

 Plays Quiz not verified by Sporcle

Score 0/30 Timer 05:00
1 Play Today
Question Answer Wrong Answers
Death Becomes Her (1992) Meryl Streep
90.7%
Bruce Willis
4.1%
Scarface (1983) Al Pacino
90.4%
Michelle Pfeiffer
4.8%
Monster's Ball (2001) Halle Berry
89.9%
Billy Bob Thornton
5.3%
Speed (1994) Sandra Bullock
88.2%
Keanu Reeves
6.7%
Silver Linings Playbook (2012) Jennifer Lawrence
87.4%
Bradley Cooper
7.7%
The Grapes of Wrath (1940) Henry Fonda
87.3%
Jane Darwell
8.2%
Thor (2011) Anthony Hopkins
86.7%
Rene Russo
8.5%
Eyes Wide Shut (1999) Nicole Kidman
86.3%
Tom Cruise
8.6%
Shakespeare in Love (1998) Gwyneth Paltrow
86.3%
Joseph Fiennes
8.8%
The Age of Innocence (1993) Daniel Day-Lewis
85.9%
Winona Ryder
8.2%
The Wolf of Wall Street (2013) Leonardo DiCaprio
85.9%
Margot Robbie
9%
Mad Dog and Glory (1993) Robert De Niro
85.9%
Uma Thurman
9.6%
Bird (1988) Forest Whitaker
85.8%
Diane Venora
8.9%
Léon: The Professional (1994) Natalie Portman
85.1%
Jean Reno
9.9%
Moonrise Kingdom (2012) Frances McDormand
84.8%
Bill Murray
10.7%
Grumpy Old Men (1993) Jack Lemmon
84.1%
Ann-Margret
10%
Splash (1984) Tom Hanks
82.9%
Daryl Hannah
12.6%
Children of Men (2006) Julianne Moore
82.3%
Clive Owen
12.5%
Hancock (2008) Charlize Theron
81.6%
Will Smith
13.7%
The Curious Case of Benjamin Button Cate Blanchett
81.1%
Brad Pitt
13.3%
21 Grams (2003) Sean Penn
80.4%
Naomi Watts
14.2%
A Beautiful Mind (2001) Russell Crowe
78.8%
Jennifer Connelly
16.7%
The War of the Roses (1989) Michael Douglas
77.9%
Kathleen Turner
16.3%
City of Angels (1998) Nicolas Cage
77.1%
Meg Ryan
17.9%
21 Jump Street (2012) Brie Larson
76.8%
Jonah Hill
17.1%
Walk the Line (2005) Reese Witherspoon
76%
Joaquin Phoenix
18.6%
The Dark Knight Rises (2012) Marion Cotillard
65.3%
Christian Bale
29.3%
Interstellar (2014) Matthew McConaughey
65.1%
Anne Hathaway
30.3%
Bridget Jones's Diary (2001) Colin Firth
58.9%
Renée Zellweger
36.3%
Grumpier Old Men (1995) Sophia Loren
56.3%
Walter Matthau
39.3%

You're not logged in!

Compare scores with friends on all Sporcle quizzes.
OR
Log In

You Might Also Like...

Show Comments

Extras

Top Quizzes Today


Score Distribution

Your Account Isn't Verified!

In order to create a playlist on Sporcle, you need to verify the email address you used during registration. Go to your Sporcle Settings to finish the process.

Report this User

Report this user for behavior that violates our Community Guidelines.

Details: